000 00969cam a22002175a 4500
001 L144705
008 080806s2008 xxko f 000 0 eng d
035 _a(Sirsi) u144705
041 0 _aeng
050 0 4 _a630 $2 18
110 2 _aRoyal Institution of Chartered Surveyors
_94900
245 0 0 _aWhy become a rural chartered surveyor?
260 _aLondon
_bRICS
_c2008
300 _a7p.
_bill.
_c21cm.
505 2 _aWhat is surveying? -- Why bother with 'chartered'? -- What is rural surveying? -- Three good reasons to become a rural chartered surveyor -- What do I need to become a rural chartered surveyor? -- What else do I need to know?
520 _aLeaflet provides an introduction to rural surveying as a career and provides suggestions on the routes to becoming a rural chartered surveyor and the benefits of chartered status.
521 _aAdvanced
651 4 _aUnited Kingdom
_y
690 _aABOUT RICS-RICS FACULTIES-RICS RURAL FACULTY
942 _n0
999 _c108590
_d108590